[Event "Rowy Seniors op 7th"]
[Site "Rowy"]
[Date "2003.08.31"]
[Round "1"]
[White "Stanger, Ludwig"]
[Black "Bienkowski, Gabriel"]
[Result "0-1"]
[WhiteElo "2000"]
[BlackElo "2089"]
[PlyCount "56"]
[EventDate "2003.08.??"]
[EventType "swiss"]
[EventRounds "9"]
[EventCountry "POL"]
[SourceTitle "EXT 2006"]
[Source "ChessBase"]
[SourceDate "2005.11.24"]
[SourceVersion "1"]
[SourceVersionDate "2005.11.24"]
[SourceQuality "1"]

1. e4 e5 2. Nf3 d6 3. Nc3 Nf6 4. Bc4 Be7 5. d4 Nbd7 6. dxe5 dxe5 7. 0-0 c6 8. Be3 0-0 9. a4 Qc7 10. Qe2 Nc5 11. Bxc5 Bxc5 12. Rad1 a6 13. h3 b5 14. Bb3 b4 15. Nb1 Nh5 16. Qc4 Be7 17. Qe2 Nf4 18. Qe1 a5 19. Bc4 Bc5 20. Nbd2 Qe7 21. Nb3 Bb6 22. Kh2 Qf6 23. Ng1 Qg6 24. g4 Bxg4 25. f3 Bxf3 26. Qg3 Qxg3+ 27. Kxg3 Bxd1 28. Rxd1 Rad8 0-1

[Event "Brandenburg Seniors op 12th"]
[Site "Rowy"]
[Date "2003.06.23"]
[Round "7"]
[White "Keusch, Horst"]
[Black "Bienkowski, Gabriel"]
[Result "1-0"]
[WhiteElo "1974"]
[BlackElo "2089"]
[PlyCount "63"]
[EventDate "2003.06.??"]
[EventType "swiss"]
[EventRounds "9"]
[EventCountry "POL"]
[SourceTitle "EXT 2006"]
[Source "ChessBase"]
[SourceDate "2005.11.24"]
[SourceVersion "1"]
[SourceVersionDate "2005.11.24"]
[SourceQuality "1"]

1. f4 Nf6 2. Nf3 d5 3. e3 g6 4. d4 Bg7 5. Bd3 0-0 6. 0-0 c5 7. c3 Nc6 8. dxc5 Nd7 9. Nbd2 Nxc5 10. Be2 Qb6 11. Nd4 e5 12. fxe5 Nxe5 13. N2f3 Ne4 14. Nxe5 Bxe5 15. Nf3 Qd6 16. Nxe5 Qxe5 17. Qd4 Qxd4 18. exd4 Kg7 19. c4 Be6 20. c5 f5 21. Bf4 Rac8 22. b4 Rfe8 23. a4 Bf7 24. Bd3 Kf8 25. Rfc1 Ke7 26. b5 Kd8 27. a5 Rg8 28. a6 b6 29. cxb6 axb6 30. Rxc8+ Kxc8 31. Rc1+ Kd8 32. Rc7 1-0

[Event "Brandenburg Seniors op 12th"]
[Site "Rowy"]
[Date "2003.06.19"]
[Round "3"]
[White "Groeling, Juergen"]
[Black "Bienkowski, Gabriel"]
[Result "0-1"]
[WhiteElo "1925"]
[BlackElo "2089"]
[PlyCount "82"]
[EventDate "2003.06.??"]
[EventType "swiss"]
[EventRounds "9"]
[EventCountry "POL"]
[SourceTitle "EXT 2006"]
[Source "ChessBase"]
[SourceDate "2005.11.24"]
[SourceVersion "1"]
[SourceVersionDate "2005.11.24"]
[SourceQuality "1"]

1. c4 Nf6 2. d4 d6 3. Nc3 Nbd7 4. e4 e5 5. Nge2 Be7 6. g3 c6 7. Bg2 a6 8. a4 a5 9. h3 Qc7 10. Be3 0-0 11. 0-0 Re8 12. b3 Bf8 13. Ra2 Nb8 14. Rd2 Na6 15. dxe5 dxe5 16. g4 Bc5 17. Bxc5 Nxc5 18. Ng3 Qb6 19. g5 Nfd7 20. Nf5 Nf8 21. Nd6 Re7 22. Qf3 Be6 23. Rfd1 Rd7 24. Qe3 Qa7 25. Ne2 Rad8 26. f4 exf4 27. Nxf4 b6 28. e5 Qc7 29. Nh5 Ng6 30. Rd4 Kh8 31. R1d2 b5 32. axb5 cxb5 33. Bf1 b4 34. Bd3 Nxb3 35. Bxg6 Nxd4 36. Rxd4 fxg6 37. Nf4 Bg8 38. Qd3 Qc5 39. Kh1 Qxe5 40. Nxg6+ hxg6 41. Rh4+ Bh7 0-1

[Event "Brandenburg Seniors op 12th"]
[Site "Rowy"]
[Date "2003.06.18"]
[Round "2"]
[White "Bienkowski, Gabriel"]
[Black "Schimmelpfennig, Hans"]
[Result "1-0"]
[WhiteElo "2089"]
[BlackElo "1824"]
[PlyCount "79"]
[EventDate "2003.06.??"]
[EventType "swiss"]
[EventRounds "9"]
[EventCountry "POL"]
[SourceTitle "EXT 2006"]
[Source "ChessBase"]
[SourceDate "2005.11.24"]
[SourceVersion "1"]
[SourceVersionDate "2005.11.24"]
[SourceQuality "1"]

1. Nf3 c5 2. c4 Nf6 3. d4 cxd4 4. Nxd4 g6 5. Nc3 Bg7 6. e4 d6 7. Be2 Nc6 8. 0-0 Qb6 9. Ndb5 a6 10. Be3 Qd8 11. Nd4 0-0 12. h3 Bd7 13. Qd2 Nxd4 14. Bxd4 Ne8 15. Nd5 Bxd4 16. Qxd4 Ng7 17. Nb6 Ne6 18. Qe3 Rb8 19. b4 f5 20. exf5 Rxf5 21. Nd5 Re5 22. Qd2 Nc7 23. f4 Rf5 24. Ne3 Rf6 25. Rae1 b5 26. Ng4 Bxg4 27. hxg4 bxc4 28. Bxc4+ d5 29. Bb3 Rfb6 30. f5 gxf5 31. gxf5 Rf6 32. Rf3 h6 33. Rh3 Qd6 34. a3 Kf7 35. Qe2 Rg8 36. Qh5+ Kf8 37. Qe2 Rg7 38. Qc2 Qb6+ 39. Kh1 Qc6 40. Rc3 1-0

[Event "MK Cafe Cup-C"]
[Site "Koszalin"]
[Date "1999.??.??"]
[Round "8"]
[White "Bienkowski, Gabriel"]
[Black "Czaja, Roman"]
[Result "0-1"]
[WhiteElo "2081"]
[BlackElo "2352"]
[PlyCount "77"]
[EventDate "1999.08.03"]
[EventType "swiss"]
[EventRounds "10"]
[EventCountry "POL"]
[SourceTitle "EXT 2002"]
[Source "ChessBase"]
[SourceDate "2001.11.25"]
[SourceVersion "1"]
[SourceVersionDate "2001.11.25"]
[SourceQuality "1"]

1. Nf3 d6 2. d4 g6 3. c4 Bg7 4. Nc3 Bg4 5. e3 c6 6. h3 Bxf3 7. Qxf3 e5 8. dxe5 dxe5 9. e4 Ne7 10. Bg5 Nd7 11. 0-0-0 f6 12. Be3 Qc7 13. Be2 0-0-0 14. g4 Kb8 15. Qg3 g5 16. h4 h6 17. h5 Nc8 18. Qf3 Bf8 19. Qf5 Bb4 20. Rd3 Nd6 21. Qf3 Rhf8 22. a3 Bxc3 23. Rxc3 c5 24. Rd1 Qc6 25. Rd5 Nc8 26. Rcd3 Kc7 27. Rd1 Ne7 28. R5d2 Qa4 29. Rd6 Nc6 30. R1d5 Ne7 31. Rd2 Qb3 32. R6d3 Qa4 33. Rd6 b6 34. Kb1 a6 35. Re6 Rf7 36. Rdd6 Nc8 37. Rd2 b5 38. cxb5 axb5 39. Rdd6 0-1

[Event "POL-chT 2nd div North"]
[Site "Lublin"]
[Date "1999.??.??"]
[Round "2"]
[White "Bienkowski, Gabriel"]
[Black "Gorzkiewicz, Lukasz"]
[Result "1-0"]
[WhiteElo "2080"]
[BlackElo "2095"]
[PlyCount "60"]
[EventDate "1999.09.11"]
[EventType "team-swiss"]
[EventRounds "8"]
[EventCountry "POL"]
[SourceTitle "EXT 2003"]
[Source "ChessBase"]
[SourceDate "2002.11.25"]
[SourceVersion "1"]
[SourceVersionDate "2002.11.25"]
[SourceQuality "1"]
[WhiteTeam "POL-chT 2nd div North 1"]
[BlackTeam "POL-chT 2nd div North 5"]
[WhiteTeamCountry "POL"]
[BlackTeamCountry "POL"]

1. Nf3 Nf6 2. c4 g6 3. g3 Bg7 4. Bg2 0-0 5. d4 c6 6. Nc3 d5 7. 0-0 dxc4 8. e4 b5 9. Qc2 Bg4 10. a4 b4 11. Ne2 Qb6 12. e5 Nd5 13. Qe4 a5 14. Nf4 Nxf4 15. Bxf4 Be6 16. Qe2 Bd5 17. Be3 Nd7 18. Nd2 Qa6 19. Rfc1 Bxg2 20. Kxg2 c5 21. dxc5 Nxe5 22. Bd4 Nd3 23. Bxg7 Kxg7 24. Rd1 Rac8 25. Ne4 Nxc5 26. Nxc5 Qc6+ 27. Kg1 Qxc5 28. Qe4 Rfd8 29. Re1 Rd2 30. Qf4 Qd6 1-0

[Event "POL-chT 2nd div North"]
[Site "Lublin"]
[Date "1999.??.??"]
[Round "7"]
[White "Bienkowski, Gabriel"]
[Black "Gralka, Julian"]
[Result "1-0"]
[WhiteElo "2080"]
[BlackElo "2275"]
[PlyCount "60"]
[EventDate "1999.09.11"]
[EventType "team-swiss"]
[EventRounds "8"]
[EventCountry "POL"]
[SourceTitle "EXT 2003"]
[Source "ChessBase"]
[SourceDate "2002.11.25"]
[SourceVersion "1"]
[SourceVersionDate "2002.11.25"]
[SourceQuality "1"]
[WhiteTeam "POL-chT 2nd div North 1"]
[BlackTeam "Bydgoszcz Chemik"]
[WhiteTeamCountry "POL"]
[BlackTeamCountry "POL"]

1. d4 Nf6 2. Nf3 d6 3. c4 Nbd7 4. Nc3 c6 5. e4 e5 6. Be2 Be7 7. 0-0 0-0 8. d5 Qc7 9. Be3 a6 10. Rc1 Ne8 11. Ne1 g6 12. Nd3 f5 13. exf5 gxf5 14. f4 Ndf6 15. Kh1 Bd7 16. dxc6 bxc6 17. c5 e4 18. cxd6 Bxd6 19. Nc5 Kh8 20. Nxd7 Qxd7 21. Qa4 h6 22. Rcd1 Qc7 23. g3 Kh7 24. h3 Be7 25. Qc2 Nd6 26. g4 Qa5 27. g5 Nd5 28. Nxd5 cxd5 29. b4 Qa3 30. Qb3 Qxb3 1-0